BIBLIOTHÈQUE DE LA MAISON DU MEXIQUE

Logo 1 Logo 2

Canciones y decires (notice nᵒ 11721)

détails MARC
000 -Sello discográfico
campo de control de longitud fija 00975nam a2200337 4500
005 - Identificación de versión
campo de control 20250925141610.0
035 ## - Otros números de control del sistema
Número de control del sistema 3917
099 ## - fechas locales
Tipo de ítem Koha LIBRO
100 ## - Datos de procesamiento general
Datos de procesamiento general 20040924d1942 m y1spay5003 ba
105 ## - Campo de datos codificados: Material textual, monográfico
Datos codificados de monografía y 001ay
200 1# - Título y mención de responsabilidad
Título propio Canciones y decires
Designación general del material texto impreso
Primer mención de responsabilidad Marqués de Santillana
Declaración de responsabilidad subsiguiente edición y notas Vicente García de Diego
210 ## - Publicación, distribución, etc.
Lugar de publicación, distribución, etc. Madrid
Nombre del editor, distribuidor, etc. Espasa - Calpe
Fecha de publicación, distribución, etc. 1942
215 ## - Descripción física
Designación de material específico y extensión del ítem 241 p
Dimensiones 19 cm
318 ## - Nota de acción
Acción No se presta a domicilio
345 ## - Nota de información de adquisición
Fuente de adquisición/dirección de la suscripción [OBSOLETO] Donación
410 #1 - Series
Título Clásicos Castellanos
Número de volumen 18
676 ## - Clasificación Decimal Dewey
Número R860 C614 v.18
700 ## - Nombre personal - Responsabilidad primaria
Elemento de entrada López de Mendoza
Parte del nombre distinta del elemento de entrada Iñigo
Fechas 1398-1458
Adiciones a los nombres que no sean fechas Marqués de Santillana
Número Koha 18389
702 ## - Nombre personal - Responsabilidad secundaria
Elemento de entrada García de Diego
Parte del nombre distinta del elemento de entrada Vicente
Fechas 1878-1978
Número Koha 18388
801 #0 - Fuente de origen
Agencia cm
900 ## -
-- 1/8049
900 ## -
-- 7100419815\240904
942 ## - ELEMENTOS DE ENTRADA SECUNDARIOS (KOHA)
Tipo de ítem Koha Livre

Pas d'exemplaire disponible.